Sports Quiz

Random Sports or NFL Quiz

#20 Athletes Quiz Stats

 Plays Quiz Updated Jun 22, 2020

Support Sporcle.
Go Orange.
Score 0/12 Timer 03:00
6 Plays Today
Athlete % Correct
Barry Sanders
87.4%
Ray Allen
84.4%
Gary Payton
78.8%
Manu Ginobili
73%
Ed Reed
68.2%
Mike Schmidt
64.8%
Josh Donaldson
61.6%
Brian Dawkins
56.1%
Frank Robinson
50.7%
Lou Brock
44.7%
Luc Robitaille
24.4%
Ryan Suter
22.3%

You're not logged in!

Compare scores with friends on all Sporcle quizzes.
OR
Log In

From the Vault

The Odd/Even Challenge

by manonthemoon

This quiz is a little odd...or is it a little even? We might never know.
Remove Ads.
Support Sporcle.
Get the best of Sporcle when you Go Orange. This ad-free experience offers more features, more stats, and more fun while also helping to support Sporcle. Thank you for becoming a member.

Show Comments

Extras

Top Quizzes Today


Score Distribution

Your Account Isn't Verified!

In order to create a playlist on Sporcle, you need to verify the email address you used during registration. Go to your Sporcle Settings to finish the process.

Report this User

Report this user for behavior that violates our Community Guidelines.

Details: